LEADER 01055nam0 22002651i 450 001 UON00227378 005 20231205103443.268 010 $a88-7016-142-0 100 $a20030730d1991 |0itac50 ba 101 $aita 102 $aIT 105 $a|||| ||||| 200 1 $a Protestantesimo nei secoli$efonti e documenti, 1$eCinquecento e Seicento$fEmidio Campi 210 $aTorino$cClaudiana$d1991. 474 p.$ccon 89 ill. fuori testo e 13 nel testo ; 22 cm. 606 $aPROTESTANTESIMO$3UONC007615$2FI 620 $aIT$dTorino$3UONL000014 676 $a280.4$cCHIESE PROTESTANTI E PROTESTANTESIMO$v21 700 1$aCAMPI$bEmidio$3UONV137738$0162579 712 $aClaudiana$3UONV260634$4650 801 $aIT$bSOL$c20241122$gRICA 899 $aSIBA - SISTEMA BIBLIOTECARIO DI ATENEO$2UONSI 912 $aUON00227378 950 $aSIBA - SISTEMA BIBLIOTECARIO DI ATENEO$dSI FS 07804 $eSI FP 16286 5 996 $aProtestantesimo nei secoli$9236863 997 $aUNIOR